LEADER 01238nam a2200289 a 4500 001 000000143834 003 CaOOAMICUS 005 20150605100751.0 008 150605s1992 xxc u000 u fre r 020 $a2-89039-562-6 040 $aPUL$bita 100 1 $aChevalier, André.$0(OLS)http://pul/name/92397 245 13$aLa paroisse post-moderne :$bfaire Église aujourd'hui l'exemple du Québec /$cAndrè Chevalier. 260 $aMontréal :$bEditions Paulines & Médiaspaul,$c©1992. 300 $a372 p. ;$c20 cm 490 1 $aBreches théologiques 504 $aBibliografia in nota. 650 4$aChiesa$zCanada.$0(OLS)http://pul/subject/41819 830 0$aBreches théologiques.$0(OLS)http://pul/title/181965 850 $aPUL 852 $aPUL$W1$xDP1 Fondo S. Lanza$y121$m3 A 91$j157714$qFondi$B166322$CPULBib$Z2$F166322 $HLan1794 $82 941 1 $a1 961 $aNota ms. di possesso: Sergio Lanza 996 $6020$a2-89039-562-6$9(OLS)http://pul/number/157756 996 $6245$aLa paroisse post-moderne :$bfaire Église aujourd'hui l'exemple du Québec$9(OLS)http://pul/title/181964 996 $6260$aMontréal :$bEditions Paulines & Médiaspaul$9(OLS)http://pul/publisher/62581 LEADER 01090nam a2200265 a 4500 001 000000145855 003 CaOOAMICUS 005 20150918143216.0 008 150918s1955 it u000 u ita r 040 $aPUL$bita 041 1 $aita$heng 100 1 $aBelloc, Hilaire,$d1870-1953.$0(OLS)http://pul/name/6319 240 10$aElisabeth creature of circumstance.$lItaliano.$0(OLS)http://pul/title/184426 245 10$aElisabetta creatura di circostanza /$cdi Hilaire Belloc. 260 $a[Roma] :$bEdizioni Paoline$g1955 300 $a219 p. ;$c21 cm 490 1 $aTempi e figure ;$v04 600 04$aElizabeth I,$cregina d'Inghilterra,$d1533-1603.$0(OLS)http://pul/subject/42164 830 0$aTempi e figure ;$v04.$0(OLS)http://pul/title/11436 850 $aPUL 852 $aPUL$W1$xDP1 Religione 1$y20$m641 H 9$j168739$qStampati$B169374$CPULBib$Z2$F169374 $H31334 $82 941 1 $a8 996 $6245$aElisabetta creatura di circostanza$9(OLS)http://pul/title/184425 996 $6260$a[Roma] :$bEdizioni Paoline$9(OLS)http://pul/publisher/51006